000
00309nam a22001457a 4500
008
210310b ||||| |||| 00| 0 eng d
020
_a
0619100303
041
_a
eng
080
_2
3rd
_a
004
080
_a
004
100
_a
28
101
_a
SHKI
245
_a
The Internet
_c
Schneider, G.P
942
_2
udc
_c
BK
999
_c
56182
_d
56182